000
00344nam a22001577a 4500
020
_a
412073404
041
_a
ENG
100
_a
Serge
245
_a
Design Of Dams For Percolation And Erosion Vol 3
250
_a
Vol 3
260
_a
Delhi
_b
Oxford & Ibh Pub
_c
1996
300
_a
285
650
_a
IDE
700
_a
Leliavsky
856
_u
IDE
999
_c
377
_d
377